Dangerous properties of industrial materials /
Guardado en:
| Autor Principal: | |
|---|---|
| Otros Autores: | |
| Formato: | Libro |
| Idioma: | English |
| Publicado: |
New York :
Van Nostrand Reinhold,
c1984.
|
| Edición: | 6th ed. |
| Materias: | |
| Etiquetas: |
Agregar Etiqueta
Sin Etiquetas, Sea el primero en etiquetar este registro!
|
| LEADER | 01009cam a22002535a 4500 | ||
|---|---|---|---|
| 001 | EIQ.libpla001723 | ||
| 008 | 831017s1984####nyua#####bf###001#0#eng#d | ||
| 005 | 20061213170358.0 | ||
| 245 | 1 | 0 | |a Dangerous properties of industrial materials / |c N. Irving Sax ; assisted by Benjamin Feiner ... [et al.]. |
| 250 | |a 6th ed. | ||
| 260 | |a New York : |b Van Nostrand Reinhold, |c c1984. | ||
| 300 | |a xxiii, 3124 p. : |b il. ; |c 29 cm. | ||
| 504 | |a Incluye referencias bibliográficas e índice. | ||
| 020 | |a 0442283040 | ||
| 100 | 1 | |a Sax, N. Irving |q (Newton Irving) | |
| 700 | 1 | |a Feiner, Benjamin. | |
| 082 | 0 | 0 | |a 604.7 |2 19 |
| 650 | 4 | |a Substancias peligrosas |x Handbooks, manuales, etc. | |
| 650 | 4 | |a Hazardous substances |x Handbooks, manuals, etc. | |
| 010 | |a 83021766 | ||
| 040 | |a DLC |c DLC |d AR-BbSID | ||
| 859 | |a AR-BbSID |b BIB. PLAPIQUI |h 604.7 |i Sa |k R |p 2178 |v Vol. 1 |3 Vol. 1 | ||
| 859 | |a AR-BbSID |b BIB. PLAPIQUI |h 604.7 |i Sa |k R |p 3896 |v Vol. 2 |3 Vol. 2 | ||
| 859 | |a AR-BbSID |b BIB. PLAPIQUI |h 604.7 |i Sa |k R |p 3897 |v Vol. 3 |3 Vol. 3 | ||
